|
|
|
|
| LEADER |
00714nam a22002291a 4500 |
| 020 |
|
|
|a 9788176387729
|c 0.00
|
| 040 |
|
|
|a SSUS - Library - Kalady
|
| 082 |
|
|
|a 780.92
|b JAI/A
|
| 100 |
|
|
|a Jain V
|
| 245 |
|
|
|a Anaswaranaya chembai
|h [Text]
|
| 250 |
|
|
|a 1st
|
| 260 |
|
|
|a Thiruvananthapuram
|b Kerala Bhasha Institute
|c 2011
|
| 300 |
|
|
|a 138p.
|
| 600 |
|
|
|a Arts
|
| 600 |
|
|
|a Biography
|
| 600 |
|
|
|a Biography Musician
|
| 600 |
|
|
|a Biography Chembai Bhagavatar
|
| 600 |
|
|
|a Music
|
| 852 |
|
|
|h 780.92
|i JAI/A
|p 063821
|9 65.00
|t 0
|
| 942 |
|
|
|c BK
|
| 999 |
|
|
|c 2079
|d 2079
|
| 952 |
|
|
|0 0
|1 0
|4 0
|6 780_920000000000000_JAI_A
|7 0
|9 3224
|a SSUS
|b SSUS
|d 2015-01-08
|g 65.00
|l 2
|o 780.92 JAI/A
|p 063821
|r 2018-01-04
|s 2017-06-09
|v 0.00
|w 2015-01-08
|y BK
|